[Event "GEO World Cup Final U10 Girls"]
[Site "Batumi"]
[Date "2024.07.02"]
[Round "2"]
[White "Pungavanam, Samhita"]
[Black "Anistoroaei, Maria"]
[Result "1-0"]
[WhiteElo "1640"]
[BlackElo "1669"]
[PlyCount "113"]
[EventDate "2024.07.01"]
[EventType "match"]
[EventRounds "4"]
[EventCountry "GEO"]
[SourceTitle "EXT 2025"]
[Source "ChessBase"]
[SourceDate "2024.10.14"]
[SourceVersion "1"]
[SourceVersionDate "2024.10.14"]
[SourceQuality "1"]

1. e4 c5 2. b3 e6 3. Bb2 Nc6 4. Nf3 d6 5. d4 cxd4 6. Nxd4 Nf6 7. Bd3 Be7 8. 0-0 0-0 9. Nd2 Bd7 10. Nc4 Nxd4 11. Bxd4 Bc6 12. Re1 Re8 13. Nd2 Nd7 14. Nf3 Bf6 15. c3 e5 16. Be3 d5 17. exd5 Bxd5 18. Bxh7+ Kxh7 19. Qxd5 e4 20. Nd4 Re5 21. Qxb7 Rb8 22. Qa6 Qc7 23. Qc6 Rc5 24. Qxe4+ Kh8 25. Bf4 Ne5 26. Nf3 Re8 27. Nxe5 Bxe5 28. Bxe5 Rcxe5 29. Qh4+ Kg8 30. Rxe5 Qxe5 31. Qc4 Re7 32. Rd1 Qh5 33. Rd8+ Kh7 34. Qd3+ g6 35. h3 Qh4 36. Qd4 Re1+ 37. Kh2 Qxd4 38. Rxd4 Re2 39. Ra4 Rxf2 40. Rxa7 Kh6 41. a4 f5 42. a5 f4 43. Kg1 Ra2 44. Ra8 Kg7 45. a6 Ra3 46. a7 g5 47. b4 f3 48. gxf3 g4 49. hxg4 Ra4 50. f4 Ra6 51. b5 Ra5 52. b6 Ra6 53. b7 Rb6 54. b8Q Rxb8 55. axb8Q Kf7 56. Ra7+ Ke6 57. Qe5# 1-0

[Event "GEO World Cup Final U10 Girls"]
[Site "Batumi"]
[Date "2024.07.02"]
[Round "4"]
[White "Pungavanam, Samhita"]
[Black "Anistoroaei, Maria"]
[Result "1-0"]
[WhiteElo "1640"]
[BlackElo "1669"]
[PlyCount "141"]
[EventDate "2024.07.01"]
[EventType "match"]
[EventRounds "4"]
[EventCountry "GEO"]
[SourceTitle "EXT 2025"]
[Source "ChessBase"]
[SourceDate "2024.10.14"]
[SourceVersion "1"]
[SourceVersionDate "2024.10.14"]
[SourceQuality "1"]

1. e4 c5 2. Nf3 e6 3. g3 Nc6 4. Bg2 Nf6 5. Qe2 d6 6. 0-0 g6 7. e5 Ng4 8. exd6 Bg7 9. d3 Qxd6 10. h3 Nf6 11. Bf4 Qe7 12. Nc3 0-0 13. Nb5 Bd7 14. Bd6 Qd8 15. Bxf8 Kxf8 16. Qe3 Qb6 17. Nd6 Nd5 18. Qg5 Bf6 19. Qh6+ Bg7 20. Qxh7 Nf6 21. Qh4 Ke7 22. Ne4 Rh8 23. Qf4 Nb4 24. Ne5 Nxc2 25. Nxd7 Nxd7 26. Rac1 Nd4 27. Qg5+ Ke8 28. Kh2 Rh5 29. Qd2 Bh6 30. f4 e5 31. Qf2 exf4 32. gxf4 Rf5 33. Qh4 Rh5 34. Qe1 Ne6 35. Qg3 Rf5 36. Rce1 Kf8 37. Qh4 Rh5 38. Qf2 Bxf4+ 39. Kh1 Ne5 40. Rd1 Ng4 41. Qe2 Ne3 42. Nf6 Qc7 43. Nxh5 Nxf1 44. Rxf1 gxh5 45. Qxh5 Be5 46. Qf5 Ng7 47. Qe4 Bd6 48. Qxb7 Qxb7 49. Bxb7 Ne6 50. Bd5 Ng5 51. h4 Nh3 52. Rxf7+ Ke8 53. Rxa7 Nf4 54. Bc6+ Kd8 55. Rd7+ Kc8 56. Rxd6 Kc7 57. Rf6 Nh5 58. Rh6 Nf4 59. Be4 Ne2 60. Rh7+ Kd6 61. h5 Ke5 62. h6 Kd4 63. Rd7+ Ke3 64. h7 Ng3+ 65. Kg2 Nxe4 66. dxe4 Kxe4 67. h8Q c4 68. Qe8+ Kf5 69. Rf7+ Kg6 70. Qg8+ Kh5 71. Rh7# 1-0

[Event "GEO World Cup-A U10"]
[Site "Batumi"]
[Date "2024.06.29"]
[Round "7"]
[White "Pungavanam, Samhita"]
[Black "Zhumambayeva, Aliya"]
[Result "0-1"]
[WhiteElo "1596"]
[BlackElo "1625"]
[PlyCount "74"]
[EventDate "2024.06.23"]
[EventType "swiss"]
[EventRounds "7"]
[EventCountry "GEO"]
[SourceTitle "EXT 2025"]
[Source "ChessBase"]
[SourceDate "2024.10.14"]
[SourceVersion "1"]
[SourceVersionDate "2024.10.14"]
[SourceQuality "1"]

1. e4 c5 2. Nf3 e6 3. c3 Nf6 4. e5 Nd5 5. d4 cxd4 6. cxd4 d6 7. Bc4 Nb6 8. Bd3 Nc6 9. 0-0 Be7 10. Nc3 d5 11. Be3 0-0 12. Nd2 f5 13. f4 Bb4 14. Rf3 Bd7 15. Rh3 Be8 16. Be2 Rc8 17. Bh5 g6 18. Bf3 Na5 19. Rc1 Bxc3 20. bxc3 Nbc4 21. Nxc4 Nxc4 22. Bf2 Qa5 23. Qc2 Ba4 24. Qe2 Rc6 25. Bh4 Nb6 26. Be7 Rfc8 27. Qf2 Rxc3 28. Rf1 Rc1 29. Be2 Rxf1+ 30. Bxf1 Rc1 31. Qh4 Rxf1+ 32. Kxf1 Qb5+ 33. Kf2 Qb2+ 34. Kg3 Qc3+ 35. Kf2 Qd2+ 36. Kf3 Bd1+ 37. Kg3 Qe3# 0-1